Matriarcas do Maranhão : Dona Noca, a senhora do Sertão /
محفوظ في:
| المؤلف الرئيسي: | |
|---|---|
| التنسيق: | كتاب |
| اللغة: | Spanish Portuguese |
| منشور في: |
Rio de Janeiro :
Universidade Federal do Rio de Janeiro, Centro Interdisciplinar de Estudos Conteporâneos,
1990.
|
| سلاسل: | Papéis avulsos 1990
23 |
| الموضوعات: | |
| الوسوم: |
إضافة وسم
لا توجد وسوم, كن أول من يضع وسما على هذه التسجيلة!
|
MARC
| LEADER | 00000nam a22000007a 4500 | ||
|---|---|---|---|
| 008 | 150525q1990 b | |||| 000 0bspa d | ||
| 041 | |a por | ||
| 082 | |a 981.210.92 |b M626m | ||
| 100 | |a Michol, Maria | ||
| 245 | 1 | 0 | |a Matriarcas do Maranhão : |b Dona Noca, a senhora do Sertão / |c Maria Michol |
| 260 | |a Rio de Janeiro : |b Universidade Federal do Rio de Janeiro, Centro Interdisciplinar de Estudos Conteporâneos, |c 1990. | ||
| 300 | |a 35 páginas | ||
| 490 | 1 | |a Papéis avulsos 1990 |v 23 | |
| 600 | 1 | 4 | |a SANTOS, JOANA DA ROCHA |d 1892-1970 |
| 651 | 1 | 4 | |a MARANHAO (BRAZIL) |x BIOGRAFIA |
| 942 | |2 ddc |c BK | ||
| 999 | |c 4167 |d 4167 | ||
